[Event "MNT-chT"]
[Site "Herceg Novi"]
[Date "2023.05.03"]
[Round "4.4"]
[White "Mijovic, Stefan"]
[Black "Pecurica, Milos"]
[Result "1/2-1/2"]
[WhiteElo "2386"]
[BlackElo "2349"]
[PlyCount "86"]
[EventDate "2023.05.01"]
[EventType "team-tourn"]
[EventRounds "9"]
[EventCountry "MNE"]
[SourceTitle "CBM 214 Extra"]
[Source "ChessBase"]
[SourceDate "2023.07.31"]
[SourceVersion "1"]
[SourceVersionDate "2023.07.31"]
[SourceQuality "1"]
[WhiteTeam "Elektroprivreda"]
[BlackTeam "Crnogorac"]
[WhiteTeamCountry "MNE"]
[BlackTeamCountry "MNE"]

1. c4 e6 2. Nf3 d5 3. e3 Nf6 4. b3 Bd6 5. Bb2 0-0 6. d4 b6 7. Nc3 Bb7 8. cxd5 exd5 9. Be2 Nbd7 10. 0-0 a6 11. Qc2 Re8 12. Qf5 h6 13. Rac1 g6 14. Qb1 Kg7 15. Rfd1 Nh7 16. Bf1 Qf6 17. Re1 Ng5 18. Ne5 Rad8 19. f4 Ne6 20. g3 Qe7 21. Bg2 Nxe5 22. dxe5 Bb4 23. Red1 Bc5 24. Qd3 Kg8 25. Qe2 c6 26. Na4 Qc7 27. Nxc5 Nxc5 28. b4 Ne4 29. Qc2 c5 30. Bxe4 dxe4 31. Qc3 Re6 32. Rd6 Rc8 33. Qd2 c4 34. Qd4 b5 35. g4 Rce8 36. Bc3 Bc8 37. h3 Qe7 38. Kg2 Kh7 39. Rf1 f5 40. gxf5 gxf5 41. Kh2 Rg8 42. Qd1 Qg7 43. Rg1 Qxg1+ 1/2-1/2

[Event "BL2-Ost 2122"]
[Site "Germany"]
[Date "2022.06.19"]
[Round "8.3"]
[White "Stojanovic, Dalibor"]
[Black "Mijovic, Stefan"]
[Result "1-0"]
[WhiteElo "2479"]
[BlackElo "2397"]
[PlyCount "101"]
[EventDate "2022.03.05"]
[EventType "team-tourn"]
[EventRounds "10"]
[EventCountry "GER"]
[SourceTitle "EXT 2023"]
[Source "ChessBase"]
[SourceDate "2022.10.05"]
[SourceVersion "1"]
[SourceVersionDate "2022.10.05"]
[SourceQuality "1"]
[WhiteTeam "Deggendorf"]
[BlackTeam "Erlangen"]
[WhiteTeamCountry "GER"]
[BlackTeamCountry "GER"]

1. e4 c5 2. Nf3 e6 3. d4 cxd4 4. Nxd4 Nf6 5. Nc3 d6 6. Be3 Nc6 7. Be2 Be7 8. f4 0-0 9. 0-0 Bd7 10. Qe1 Nxd4 11. Bxd4 Bc6 12. Qg3 g6 13. Qe3 Qa5 14. e5 dxe5 15. fxe5 Nd7 16. a3 Bc5 17. Bxc5 Qxc5 18. Qxc5 Nxc5 19. b4 Ne4 20. Nxe4 Bxe4 21. c4 Rfd8 22. Rad1 b6 23. g4 g5 24. Kf2 Kg7 25. Ke3 Bg2 26. Rg1 Bc6 27. Rd6 Ba4 28. Rc1 Rac8 29. c5 bxc5 30. bxc5 Rd7 31. Ba6 Rcc7 32. Rc4 Bc6 33. Rxc6 Rxc6 34. Bb5 Rdc7 35. Bxc6 Rxc6 36. Kd4 f6 37. exf6+ Kxf6 38. Rc3 h6 39. Rh3 Kg6 40. Kc4 Rc7 41. Kb5 e5 42. c6 e4 43. Kc5 Rc8 44. Re3 h5 45. Rxe4 hxg4 46. Kd6 Rd8+ 47. Ke7 Rd2 48. c7 Rc2 49. Kd7 Rd2+ 50. Kc6 Rc2+ 51. Kb7 1-0

[Event "MNT-chT"]
[Site "Niksic"]
[Date "2016.08.13"]
[Round "8.5"]
[White "Dragasevic, Srdjan"]
[Black "Mijovic, Stefan"]
[Result "1/2-1/2"]
[WhiteElo "2267"]
[BlackElo "2413"]
[PlyCount "35"]
[EventDate "2016.08.06"]
[EventType "team-tourn"]
[EventRounds "9"]
[EventCountry "MNE"]
[SourceTitle "CBM 173 Extra"]
[Source "ChessBase"]
[SourceDate "2016.08.29"]
[SourceVersion "1"]
[SourceVersionDate "2016.08.29"]
[SourceQuality "1"]

1. d4 d5 2. Nf3 Nf6 3. c4 e6 4. Nc3 Be7 5. Bf4 0-0 6. e3 c5 7. dxc5 Bxc5 8. cxd5 Nxd5 9. Nxd5 exd5 10. a3 Nc6 11. Bd3 Be7 12. 0-0 Bf6 13. Qc2 g6 14. h3 Be6 15. Rac1 Rc8 16. Qd2 Qe7 17. b4 a6 18. Rc5 1/2-1/2

[Event "Arad op 7th"]
[Site "Arad"]
[Date "2014.08.10"]
[Round "9"]
[White "Posedaru, Bogdan Stefan"]
[Black "Mijovic, Stefan"]
[Result "1/2-1/2"]
[WhiteElo "2351"]
[BlackElo "2404"]
[PlyCount "42"]
[EventDate "2014.08.04"]
[EventType "swiss"]
[EventRounds "9"]
[EventCountry "ROU"]
[SourceTitle "CBM 161 Extra"]
[Source "ChessBase"]
[SourceDate "2014.08.29"]
[SourceVersion "1"]
[SourceVersionDate "2014.08.29"]
[SourceQuality "1"]

1. d4 d5 2. c4 e6 3. Nc3 Be7 4. Nf3 Nf6 5. Bf4 0-0 6. e3 c5 7. dxc5 Bxc5 8. cxd5 Nxd5 9. Nxd5 exd5 10. a3 Nc6 11. Bd3 Be7 12. 0-0 Bg4 13. h3 Bh5 14. Be2 Bf6 15. Rb1 Re8 16. b4 Bg6 17. Bd3 Be4 18. b5 Ne5 19. Nxe5 Bxe5 20. Bxe5 Rxe5 21. Rb4 h6 1/2-1/2

[Event "Arad op 7th"]
[Site "Arad"]
[Date "2014.08.07"]
[Round "5"]
[White "Jakubowski, Krzysztof"]
[Black "Mijovic, Stefan"]
[Result "1-0"]
[WhiteElo "2530"]
[BlackElo "2404"]
[PlyCount "103"]
[EventDate "2014.08.04"]
[EventType "swiss"]
[EventRounds "9"]
[EventCountry "ROU"]
[SourceTitle "CBM 161 Extra"]
[Source "ChessBase"]
[SourceDate "2014.08.29"]
[SourceVersion "1"]
[SourceVersionDate "2014.08.29"]
[SourceQuality "1"]

1. e4 c5 2. Nf3 e6 3. d4 cxd4 4. Nxd4 Nf6 5. Nc3 d6 6. Be3 Nc6 7. Be2 Be7 8. f4 0-0 9. 0-0 Bd7 10. Kh1 Nxd4 11. Qxd4 Bc6 12. Bf3 Qc7 13. a4 a6 14. a5 Rac8 15. Rfd1 Rfe8 16. Qd2 Qb8 17. Qf2 Bf8 18. Rd2 Nd7 19. Ne2 Nc5 20. Ng3 b5 21. axb6 Qxb6 22. Nh5 Qb7 23. Qg3 Kh8 24. Bd4 f6 25. e5 dxe5 26. fxe5 f5 27. Bxc5 Bxc5 28. Bxc6 Rxc6 29. Rad1 Bf8 30. Qf3 Qb5 31. Nf4 Rc7 32. Rd8 Rc8 33. Rxe8 Rxe8 34. Qc3 Rd8 35. Rb1 Qb6 36. h3 g5 37. Nd3 Bg7 38. Ra1 h5 39. Qa3 Qc6 40. Qe7 Rd4 41. Qxg5 Qxc2 42. Qxh5+ Kg8 43. Qe8+ Kh7 44. Ne1 Qe2 45. Nf3 Qxb2 46. Re1 Rf4 47. Qh5+ Kg8 48. Ng5 Qb4 49. Qf7+ Kh8 50. Qe8+ Qf8 51. Qh5+ Bh6 52. Nxe6 1-0

[Event "Belgrade Trophy 26th"]
[Site "Belgrade"]
[Date "2012.11.30"]
[Round "7"]
[White "Cetkovic, Miodrag"]
[Black "Mijovic, Stefan"]
[Result "0-1"]
[WhiteElo "2230"]
[BlackElo "2380"]
[PlyCount "66"]
[EventDate "2012.11.24"]
[EventType "swiss"]
[EventRounds "9"]
[EventCountry "SRB"]
[SourceTitle "CBM 151 Extra"]
[Source "ChessBase"]
[SourceDate "2012.12.18"]
[SourceVersion "1"]
[SourceVersionDate "2012.12.18"]
[SourceQuality "1"]

1. e4 c5 2. Nc3 e6 3. Nge2 Nc6 4. d4 cxd4 5. Nxd4 d6 6. Be3 Nf6 7. Bc4 Be7 8. Qe2 0-0 9. 0-0-0 Qc7 10. Bb3 a6 11. Rhg1 Nd7 12. g4 Nc5 13. Nf5 b5 14. Bd5 Bb7 15. g5 b4 16. Rg3 Rfc8 17. Qh5 g6 18. Nh6+ Kf8 19. Qh3 bxc3 20. Nxf7 cxb2+ 21. Kb1 Kxf7 22. Qxh7+ Ke8 23. Qxg6+ Kd7 24. Bxc5 exd5 25. Qf5+ Kd8 26. Rh3 Qa5 27. Rxd5 Qe1+ 28. Kxb2 Kc7 29. Rxd6 Rd8 30. Rh7 Rxd6 31. Bxd6+ Kxd6 32. Qf4+ Kd7 33. Qf5+ Kc7 0-1

[Event "Cetinje Batricevic Memorial op"]
[Site "Cetinje"]
[Date "2012.10.25"]
[Round "7"]
[White "Mijovic, Stefan"]
[Black "Bogosavljevic, Boban"]
[Result "1/2-1/2"]
[WhiteElo "2380"]
[BlackElo "2497"]
[PlyCount "20"]
[EventDate "2012.10.20"]
[EventType "swiss"]
[EventRounds "9"]
[EventCountry "MNE"]
[SourceTitle "EXT 2013"]
[Source "ChessBase"]
[SourceDate "2012.11.22"]
[SourceVersion "1"]
[SourceVersionDate "2012.11.22"]
[SourceQuality "1"]

1. c4 c5 2. Nf3 Nc6 3. g3 g6 4. Bg2 Bg7 5. 0-0 d6 6. Nc3 Nf6 7. d3 0-0 8. e4 Bg4 9. Be3 Nd7 10. Qd2 a6 1/2-1/2

[Event "Cetinje Batricevic Memorial op"]
[Site "Cetinje"]
[Date "2012.10.21"]
[Round "3"]
[White "Mijovic, Stefan"]
[Black "Savic, Miodrag R"]
[Result "0-1"]
[WhiteElo "2380"]
[BlackElo "2531"]
[PlyCount "154"]
[EventDate "2012.10.20"]
[EventType "swiss"]
[EventRounds "9"]
[EventCountry "MNE"]
[SourceTitle "EXT 2013"]
[Source "ChessBase"]
[SourceDate "2012.11.22"]
[SourceVersion "1"]
[SourceVersionDate "2012.11.22"]
[SourceQuality "1"]

1. c4 e6 2. Nf3 Nf6 3. g3 d5 4. b3 a5 5. Bg2 a4 6. 0-0 Nbd7 7. cxd5 exd5 8. bxa4 Be7 9. Nc3 0-0 10. d4 Nb6 11. Qc2 Bb4 12. Bg5 h6 13. Bxf6 Qxf6 14. Ne5 c6 15. Rab1 Ba5 16. Rfc1 Rd8 17. Rb3 Qe7 18. e3 Nd7 19. Nxd7 Qxd7 20. Ne2 Bc7 21. Nf4 Bxf4 22. exf4 Re8 23. h4 Qd6 24. Rbb1 Qf6 25. Rb4 Re7 26. Qb2 Qd6 27. Bf3 Ra7 28. Qc3 Ra8 29. Re1 Kf8 30. Rxe7 Qxe7 31. Kg2 g6 32. Qd2 Bf5 33. Qb2 Ra7 34. Rb6 Kg7 35. Qb4 Qxb4 36. Rxb4 Kf8 37. Kf1 Bc2 38. a5 h5 39. a6 b5 40. Rb2 Bd3+ 41. Be2 Bxe2+ 42. Kxe2 Rxa6 43. Rc2 f5 44. Kd2 Ke7 45. Ke2 Kd6 46. Kd2 Ra3 47. Ke2 Kc7 48. Kd2 Ra4 49. Kd3 Kb6 50. Ke3 Rc4 51. Rb2 Ka5 52. Kd3 Ka4 53. Rd2 Ka3 54. Re2 b4 55. Rd2 Rc1 56. Ke3 Ra1 57. Rc2 Rxa2 58. Rxc6 b3 59. Kd3 Rxf2 60. Rxg6 Ka2 61. Ra6+ Kb1 62. Ra5 b2 63. Rxd5 Kc1 64. Rc5+ Kd1 65. Rb5 Rf3+ 66. Kc4 Kc2 67. Rxb2+ Kxb2 68. d5 Rxg3 69. d6 Rg8 70. Kd4 Re8 71. d7 Rd8 72. Ke5 Rxd7 73. Kxf5 Rg7 74. Kf6 Rg4 75. f5 Rxh4 76. Kg5 Rh1 77. f6 Rf1 0-1

[Event "MNT-chT"]
[Site "Cetinje"]
[Date "2012.08.05"]
[Round "3"]
[White "Kalezic, Blazo"]
[Black "Mijovic, Stefan"]
[Result "1/2-1/2"]
[WhiteElo "2438"]
[BlackElo "2380"]
[PlyCount "82"]
[EventDate "2012.08.03"]
[EventType "team-tourn"]
[EventRounds "9"]
[EventCountry "MNE"]
[SourceTitle "CBM 149 Extra"]
[Source "ChessBase"]
[SourceDate "2012.08.24"]
[SourceVersion "1"]
[SourceVersionDate "2012.08.24"]
[SourceQuality "1"]

1. e4 c5 2. Nf3 e6 3. d4 cxd4 4. Nxd4 Nf6 5. Nc3 d6 6. g4 h6 7. h3 Nc6 8. Be3 Bd7 9. Qe2 Nxd4 10. Bxd4 Bc6 11. 0-0-0 Qa5 12. Bg2 b5 13. Kb1 e5 14. Be3 b4 15. Nd5 Nxd5 16. exd5 Bb5 17. Qe1 Rc8 18. f4 Qc7 19. Qxb4 Qxc2+ 20. Ka1 Bd7 21. Be4 a5 22. Bxc2 axb4 23. Kb1 Be7 24. fxe5 dxe5 25. d6 Bg5 26. Rhe1 Bxe3 27. Rxe3 Rc5 28. Re4 h5 29. Rxb4 hxg4 30. hxg4 0-0 31. Bf5 Rd8 32. Bxd7 Rxd7 33. Rb8+ Kh7 34. b4 Rc6 35. b5 Rcxd6 36. Rxd6 Rxd6 37. b6 e4 38. b7 Kg6 39. Kc2 Rd7 40. Re8 Rc7+ 41. Kd1 Rxb7 1/2-1/2

[Event "MNT-chT"]
[Site "Cetinje"]
[Date "2010.07.24"]
[Round "1"]
[White "Mijovic, Stefan"]
[Black "Roganovic, Milos"]
[Result "1/2-1/2"]
[WhiteElo "2333"]
[BlackElo "2497"]
[PlyCount "81"]
[EventDate "2010.07.24"]
[EventType "team-swiss"]
[EventRounds "9"]
[EventCountry "MNE"]
[SourceTitle "CBM 137 Extra"]
[Source "ChessBase"]
[SourceDate "2010.09.01"]
[SourceVersion "1"]
[SourceVersionDate "2010.09.01"]
[SourceQuality "1"]

1. c4 Nf6 2. Nf3 e6 3. g3 d5 4. b3 Be7 5. Bg2 0-0 6. 0-0 a5 7. Bb2 a4 8. bxa4 Nbd7 9. cxd5 exd5 10. Nc3 Nb6 11. Ne5 d4 12. Nb5 Nxa4 13. Qc2 Nxb2 14. Qxb2 Ra4 15. Qc2 Ra5 16. Rfb1 Nd5 17. Nc4 Nb4 18. Rxb4 Bxb4 19. Nxa5 Bxa5 20. d3 c6 21. Na3 Bc3 22. Rb1 Qe7 23. Nc4 Bg4 24. e4 Ra8 25. a4 Be6 26. Qb3 h6 27. e5 Ra7 28. f4 Qc5 29. Be4 g6 30. Kg2 Kg7 31. Qb6 Qxb6 32. Rxb6 Rxa4 33. Rxb7 Ra2+ 34. Kg1 Ra1+ 35. Kg2 Ra2+ 36. Kg1 c5 37. Nd6 Ra1+ 38. Kg2 Ra2+ 39. Kg1 Ra1+ 40. Kg2 Ra2+ 41. Kg1 1/2-1/2

[Event "MNT-ch 62nd"]
[Site "Cetinje"]
[Date "2010.07.06"]
[Round "5"]
[White "Mijovic, Stefan"]
[Black "Ivanovic, Bozidar"]
[Result "1/2-1/2"]
[WhiteElo "2333"]
[BlackElo "2410"]
[PlyCount "126"]
[EventDate "2010.07.02"]
[EventType "tourn"]
[EventRounds "11"]
[EventCountry "MNE"]
[EventCategory "6"]
[SourceTitle "CBM 137 Extra"]
[Source "ChessBase"]
[SourceDate "2010.09.01"]
[SourceVersion "1"]
[SourceVersionDate "2010.09.01"]
[SourceQuality "1"]

1. e4 c5 2. Nf3 Nc6 3. d4 cxd4 4. Nxd4 e5 5. Nb5 d6 6. N1c3 a6 7. Na3 b5 8. Nd5 Nge7 9. c4 Nxd5 10. cxd5 Ne7 11. Bd3 Ng6 12. Nc2 Be7 13. a4 bxa4 14. Nb4 Bg5 15. Nc6 Qf6 16. g3 Bxc1 17. Rxc1 0-0 18. h4 Re8 19. Be2 Nf8 20. Qxa4 Nd7 21. b4 Qg6 22. Qc2 Nf6 23. Bf3 Bg4 24. Bg2 Nh5 25. 0-0 Bd7 26. Kh2 h6 27. Ra1 Nf6 28. Qe2 Kh8 29. Kg1 Nh5 30. Kh2 f5 31. exf5 Bxf5 32. Ra3 Nf6 33. b5 axb5 34. Ne7 Qh7 35. Rxa8 Rxa8 36. Nxf5 Qxf5 37. Qxb5 e4 38. Qc6 Ra2 39. Kg1 Qe5 40. Re1 Kh7 41. Qc4 Ra1 42. Kf1 Kg6 43. Rxa1 Qxa1+ 44. Ke2 Qb2+ 45. Ke1 Qe5 46. Ke2 Kh5 47. Kf1 Qa1+ 48. Ke2 Qb2+ 49. Ke1 Qa1+ 50. Ke2 Qe5 51. Kf1 g5 52. hxg5 hxg5 53. Ke1 Kh6 54. Kf1 Kg6 55. Ke2 Kh5 56. Ke1 Kh6 57. Kf1 Qa1+ 58. Ke2 Qb2+ 59. Ke1 Ng4 60. Qe2 Qb4+ 61. Qd2 Qb1+ 62. Ke2 Qg1 63. Qd4 Qxg2 1/2-1/2

[Event "MNT-ch sf"]
[Site "Cetinje"]
[Date "2010.05.27"]
[Round "6"]
[White "Mijovic, Stefan"]
[Black "Abramovic, Dragoljub"]
[Result "1/2-1/2"]
[WhiteElo "2354"]
[BlackElo "2149"]
[PlyCount "100"]
[EventDate "2010.05.24"]
[EventType "swiss"]
[EventRounds "9"]
[EventCountry "MNE"]
[SourceTitle "CBM 136 Extra"]
[Source "ChessBase"]
[SourceDate "2010.07.02"]
[SourceVersion "2"]
[SourceVersionDate "2010.07.15"]
[SourceQuality "1"]

1. e4 e6 2. d4 d5 3. Nd2 a6 4. Ngf3 c5 5. dxc5 Bxc5 6. Bd3 Ne7 7. 0-0 Nbc6 8. c3 0-0 9. Qe2 Qc7 10. Nb3 Bd6 11. h3 dxe4 12. Bxe4 f5 13. Bxc6 Nxc6 14. c4 e5 15. c5 Be7 16. Qc4+ Kh8 17. Bg5 Bxg5 18. Nxg5 Qe7 19. Nf3 Be6 20. Qc3 Bxb3 21. axb3 e4 22. Nd4 Nxd4 23. Qxd4 Rad8 24. Qc4 e3 25. fxe3 Qxe3+ 26. Kh1 Rd4 27. Qc2 Qd3 28. Rac1 h6 29. Rf3 Qxc2 30. Rxc2 Rf6 31. Re3 Kh7 32. Re7 Rb4 33. Rc3 f4 34. Kg1 Kg6 35. Rd3 b6 36. Rdd7 bxc5 37. Rxg7+ Kf5 38. Rd5+ Ke4 39. Rxc5 Rxb3 40. Re7+ Kd4 41. Rc2 f3 42. Rd2+ Kc5 43. g4 f2+ 44. Rxf2 Rxf2 45. Kxf2 Rxh3 46. Re6 a5 47. Kg2 Rb3 48. Rxh6 Rxb2+ 49. Kg3 a4 50. Ra6 Kb5 1/2-1/2

[Event "MNT-ch sf"]
[Site "Cetinje"]
[Date "2010.05.24"]
[Round "1"]
[White "Draskovic, Luka"]
[Black "Mijovic, Stefan"]
[Result "1/2-1/2"]
[WhiteElo "2116"]
[BlackElo "2354"]
[PlyCount "68"]
[EventDate "2010.05.24"]
[EventType "swiss"]
[EventRounds "9"]
[EventCountry "MNE"]
[SourceTitle "CBM 136 Extra"]
[Source "ChessBase"]
[SourceDate "2010.07.02"]
[SourceVersion "2"]
[SourceVersionDate "2010.07.15"]
[SourceQuality "1"]

1. e4 c5 2. Nf3 e6 3. d4 cxd4 4. Nxd4 Nf6 5. Nc3 d6 6. Be3 Nc6 7. f3 Be7 8. Qd2 0-0 9. 0-0-0 d5 10. exd5 Nxd5 11. Nxd5 Qxd5 12. Nxc6 bxc6 13. c4 Qxd2+ 14. Rxd2 e5 15. Bd3 Be6 16. b3 a5 17. a4 Rab8 18. Kc2 Bb4 19. Rdd1 Rfe8 20. Bd2 Bxd2 21. Rxd2 Rbd8 22. Re1 f6 23. Rde2 Rd4 24. Be4 c5 25. f4 Bg4 26. Re3 Kf8 27. fxe5 Rxe4 28. Rxe4 Bf5 29. Kc3 Bxe4 30. Rxe4 Rxe5 31. Rxe5 fxe5 32. Kd3 Ke7 33. Ke4 Ke6 34. g4 g5 1/2-1/2